000 00510nam a2200181Ia 4500
005 20250326124503.0
008 250326s9999 xx 000 0 und d
037 _aTextbook
040 _aFMSL
_beng
_cFMSL
041 _aeng
_2eng
084 _aX:8 K41;3
_qFMSL
100 _aPfiffner J M
245 0 _aAdministrative organization
_cPfiffner J M; Sherwood F P
260 _aNew Delhi
_bNew Delhi, Prentice-Hall
_c1964
300 _a481p
942 _cTB
_hX:8 K41;3
999 _c1273912
_d1273912